[Event "Amber-blind 8th"]
[Site "Monte Carlo"]
[Date "1999.03.18"]
[Round "3"]
[White "Ljubojevic, Ljubomir"]
[Black "Van Wely, Loek"]
[Result "1-0"]
[WhiteElo "2571"]
[BlackElo "2632"]
[PlyCount "145"]
[EventDate "1999.03.16"]
[Source "ChessBase"]
[SourceDate "1999.05.10"]

1. d4 Nf6 2. c4 c5 3. d5 b5 4. cxb5 a6 5. bxa6 g6 6. Nc3 Bxa6 7. Nf3 d6 8. g3 Bg7 9. Bg2 Nbd7 10. O-O Nb6 11. Re1 O-O 12. Nd2 Ra7 13. Nf1 Nc4 14. Qc2 Qa5 15. Nd2 Ne5 16. h3 Rb8 17. f4 Ned7 18. Kh2 c4 19. Rb1 Nc5 20. Nf3 Bc8 21. Bd2 Qa6 22. Nh4 Bd7 23. Be3 Qa5 24. Red1 Rab7 25. Rd4 Qa6 26. Bf3 Na4 27. Nxa4 Bxa4 28. Qxc4 Bb5 29. Qc2 Qxa2 30. Rc1 Bd7 31. b4 Qxc2 32. Rxc2 Rxb4 33. Rxb4 Rxb4 34. Rc7 h6 35. g4 Rb2 36. g5 hxg5 37. fxg5 Bb5 38. gxf6 Bxf6 39. Rb7 Be5+ 40. Kg1 Rb1+ 41. Kf2 Kg7 42. Ng2 Bf6 43. Rb6 Rb4 44. Kg3 Be5+ 45. Kf2 Bf6 46. Nf4 Rb2 47. Be4 Be5 48. Nd3 Bxd3 49. Bxd3 Ra2 50. Ra6 Rb2 51. Kf3 Rb4 52. Bg5 Bf6 53. Bf4 Rb8 54. Ra7 Rb4 55. Be3 Rh4 56. Kg2 Rb4 57. Rc7 Ra4 58. Bf2 Rb4 59. Kf3 Ra4 60. Rb7 Kf8 61. Be4 Ra3+ 62. Bd3 Ra4 63. Rb5 Kg7 64. Rb3 Kf8 65. Bb5 Ra1 66. h4 Kg7 67. Kg4 Rf1 68. Rf3 Rb1 69. Bd3 Rh1 70. Rh3 Rf1 71. Kf3 Bd4 72. e3 Be5 73. Bxf1 1-0

[Event "FRA-ch"]
[Site "Aix les Bains"]
[Date "2003.08.20"]
[Round "3"]
[White "Dorfman, Josif D"]
[Black "Degraeve, Jean Marc"]
[Result "1/2-1/2"]
[WhiteElo "2607"]
[BlackElo "2541"]
[PlyCount "128"]
[EventDate "2003.08.18"]
[Source "ChessBase"]
[SourceDate "2003.11.11"]

1. d4 Nf6 2. c4 c5 3. d5 b5 4. cxb5 a6 5. bxa6 Bxa6 6. Nc3 d6 7. Nf3 g6 8. g3 Bg7 9. Bg2 O-O 10. O-O Nbd7 11. Rb1 Nb6 12. b3 Ne8 13. Bb2 Nc7 14. Qd2 Ra7 15. Rfe1 Bb7 16. e4 Qa8 17. a4 Nd7 18. Nd1 Nf6 19. Bc3 Rb8 20. Nb2 Nxe4 21. Rxe4 Bxd5 22. Re3 Bh6 23. Nd3 Ne6 24. Qd1 Bxe3 25. fxe3 Ng5 26. Nxg5 Bxg2 27. Qg4 Rxa4 28. Qxa4 Qxa4 29. bxa4 Rxb1+ 30. Kxg2 Rb3 31. Ne4 f5 32. Nc1 Rb1 33. Nxd6 Rxc1 34. Nb5 Rc2+ 35. Kf3 Rxh2 36. a5 Ra2 37. Kf4 Ra4+ 38. Ke5 h5 39. Nc7 Ra3 40. Bd2 c4 41. a6 c3 42. Bxc3 Rxc3 43. a7 Rxe3+ 44. Kf4 Re4+ 45. Kf3 Ra4 46. a8=Q+ Rxa8 47. Nxa8 Kf7 48. Nb6 g5 49. Nd7 Ke6 50. Nf8+ Ke5 51. Nh7 g4+ 52. Ke3 e6 53. Nf8 Kf6 54. Nd7+ Kg5 55. Nc5 e5 56. Ne6+ Kg6 57. Nc5 h4 58. gxh4 Kh5 59. Nd3 e4 60. Ne1 Kxh4 61. Kf4 g3 62. Kxf5 Kh3 63. Kxe4 g2 64. Nxg2 Kxg2 1/2-1/2

[Event "5th Open"]
[Site "Marseille"]
[Date "2004.06.28"]
[Round "4"]
[White "Epishin, Vladimir"]
[Black "Vuckovic, Bojan"]
[Result "1/2-1/2"]
[WhiteElo "2610"]
[BlackElo "2533"]
[PlyCount "73"]
[EventDate "2004.06.26"]
[Source "Roberto Alvarez"]
[SourceDate "2004.07.12"]

1. d4 Nf6 2. c4 c5 3. d5 b5 4. cxb5 a6 5. bxa6 g6 6. Nc3 Bxa6 7. g3 d6 8. Nf3 Bg7 9. Bg2 Nbd7 10. Rb1 O-O 11. b3 Ne8 12. Bb2 Qa5 13. Qc2 Nc7 14. O-O Rfb8 15. Rfd1 Ra7 16. h4 Rab7 17. h5 c4 18. hxg6 hxg6 19. Ba1 cxb3 20. axb3 Nc5 21. Ne4 Nxb3 22. Bxg7 Kxg7 23. Neg5 Nxd5 24. Nxf7 Qc3 25. Qe4 Nf6 26. Qh4 Rb4 27. Qh6+ Kxf7 28. Ng5+ Ke8 29. Rxd6 exd6 30. Qh8+ Ke7 31. Qg7+ Ke8 32. Qf7+ Kd8 33. Ne6+ Kc8 34. Qf8+ Kd7 35. Qf7+ Kc8 36. Qf8+ Kd7 37. Qf7+ 1/2-1/2

[Event "Calviá ol (Men)"]
[Site "Mallorca"]
[Date "2004.10.26"]
[Round "11.21"]
[White "Stefansson, Hannes"]
[Black "Felgaer, Ruben"]
[Result "1-0"]
[WhiteElo "2549"]
[BlackElo "2569"]
[PlyCount "71"]
[EventDate "2004.10.15"]
[Source "Roberto Alvarez"]
[SourceDate "2004.10.25"]

1. d4 Nf6 2. c4 c5 3. d5 b5 4. cxb5 a6 5. bxa6 g6 6. Nc3 Bxa6 7. Nf3 d6 8. g3 Bg7 9. Bg2 Nfd7 10. O-O Nb6 11. Qc2 O-O 12. Rd1 Bb7 13. e4 Na6 14. Bf4 Nb4 15. Qd2 Ba6 16. Bh6 Nd7 17. Bxg7 Kxg7 18. b3 Nd3 19. Na4 Qb8 20. Qc3+ f6 21. Rxd3 Bxd3 22. Qxd3 Qb4 23. Nb2 Ra7 24. Nc4 Rb8 25. Nfd2 Ne5 26. Nxe5 fxe5 27. Nc4 Rba8 28. Qc2 Rb8 29. f4 exf4 30. gxf4 h6 31. Rf1 Rf8 32. a3 Qb8 33. Bh3 Rb7 34. Rf3 Rf6 35. Be6 Kh7 36. e5 1-0

[Event "USSR"]
[Site "?"]
[Date "1977.??.??"]
[Round "?"]
[White "Beliavsky, A."]
[Black "Vaganian, R."]
[Result "1-0"]
[WhiteElo "2545"]
[BlackElo "2570"]
[PlyCount "96"]
[EventDate "1977.??.??"]
[Source "www.chesslib.no"]
[SourceDate "2004.05.04"]

1. d4 Nf6 2. c4 c5 3. d5 b5 4. cxb5 a6 5. bxa6 Bxa6 6. Nc3 g6 7. Nf3 d6 8. g3 Bg7 9. Bh3 O-O 10. O-O Nbd7 11. Re1 Qc7 12. Bf4 Rfb8 13. Qd2 Rb4 14. Rac1 h5 15. Bh6 Bxh6 16. Qxh6 Rxb2 17. e4 Bc8 18. Be6 Nf8 19. e5 Ng4 20. Bxg4 Bxg4 21. Ne4 Qd8 22. e6 fxe6 23. Nh4 Qe8 24. dxe6 Bxe6 25. Rc3 Qf7 26. Rf3 Qg7 27. Qg5 Rb6 28. Nc3 Kh7 29. Rxf8 Rxf8 30. Rxe6 Rf6 31. Re3 Qf7 32. Re1 Rb2 33. Ne4 Rfxf2 34. Qe3 Rf5 35. Nxf5 Qxf5 36. Rf1 Qe5 37. Ng5+ Kg7 38. Rf7+ Kg8 39. Qxe5 dxe5 40. Rxe7 c4 41. Rc7 Rxa2 42. Rxc4 Ra1+ 43. Kg2 Ra2+ 44. Kg1 Ra1+ 45. Kg2 Ra2+ 46. Kh3 Kg7 47. Rc6 Re2 48. Re6 Re3 1-0

[Event "Nova Open"]
[Site "Haarlem"]
[Date "2004.07.04"]
[Round "6"]
[White "Gagunashvili, Merab"]
[Black "Solodovnichenko, Yuri"]
[Result "1-0"]
[WhiteElo "2580"]
[BlackElo "2507"]
[PlyCount "61"]
[EventDate "2004.07.02"]
[Source "Roberto Alvarez"]
[SourceDate "2004.07.12"]

1. d4 Nf6 2. c4 c5 3. d5 b5 4. cxb5 a6 5. bxa6 g6 6. Nf3 Bxa6 7. Nc3 d6 8. g3 Bg7 9. Bg2 O-O 10. O-O Nfd7 11. Qc2 Nb6 12. Rd1 Bb7 13. Rb1 Na6 14. a3 Qd7 15. e4 Rfc8 16. Bf1 Nc7 17. b3 Ba6 18. Bg2 Nb5 19. Nxb5 Bxb5 20. Bb2 Qa7 21. Bxg7 Kxg7 22. a4 Bd7 23. Qb2+ f6 24. e5 fxe5 25. Nxe5 dxe5 26. Qxe5+ Kg8 27. d6 exd6 28. Rxd6 Bf5 29. Rxb6 Qxb6 30. Bd5+ Kf8 31. Re1 1-0

[Event "Novi Sad"]
[Site "Novi Sad"]
[Date "1979.??.??"]
[Round "?"]
[White "Farago, Ivan"]
[Black "Knaak, Rainer"]
[Result "0-1"]
[WhiteElo "2510"]
[BlackElo "2565"]
[PlyCount "48"]
[EventDate "1979.??.??"]
[Source "www.chesslib.no"]
[SourceDate "2004.05.04"]

1. d4 Nf6 2. c4 c5 3. d5 b5 4. cxb5 a6 5. bxa6 Bxa6 6. Nc3 d6 7. Nf3 g6 8. g3 Bg7 9. Bh3 Nbd7 10. O-O Nb6 11. Re1 O-O 12. Rb1 Bc4 13. e4 Bxa2 14. Nxa2 Rxa2 15. Bd2 Qa8 16. Bc3 Na4 17. Bxf6 Bxf6 18. e5 dxe5 19. Qb3 Nxb2 20. Rxb2 Ra3 21. Qb6 Rxf3 22. Qxc5 e4 23. Rb5 Qa2 24. Bg2 e3 0-1

[Event "HB Global Chess Challenge"]
[Site "?"]
[Date "2005.05.19"]
[Round "2.18"]
[White "Kiriakov Petr"]
[Black "Adamson Robby"]
[Result "1/2-1/2"]
[WhiteElo "2665"]
[BlackElo "2400"]
[PlyCount "61"]
[EventDate "2005.??.??"]
[Source "www.chesslib.no"]
[SourceDate "2004.05.04"]

1. d4 Nf6 2. c4 c5 3. d5 b5 4. cxb5 a6 5. bxa6 g6 6. Nc3 Bxa6 7. Nf3 d6 8. g3 Nbd7 9. Bg2 Bg7 10. O-O Nb6 11. Ne1 Nfd7 12. Nc2 Ne5 13. Ne3 Nbc4 14. Nxc4 Nxc4 15. Qa4+ Qd7 16. Qc2 Qb7 17. a3 O-O 18. b3 Rfb8 19. Rb1 Na5 20. b4 cxb4 21. axb4 Qc7 22. bxa5 Rxb1 23. Qxb1 Qxc3 24. Qe4 Bf6 25. g4 Qc4 26. g5 Qxe4 27. Bxe4 Bc3 28. Bf3 Bc4 29. Bf4 Rxa5 30. Rc1 Ra1 31. Rxa1 1/2-1/2

[Event "2nd IECC, Ohrid MKD"]
[Site "?"]
[Date "2001.??.??"]
[Round "13"]
[White "Epishin, V."]
[Black "Halkias, S."]
[Result "1-0"]
[WhiteElo "2575"]
[BlackElo "2490"]
[PlyCount "77"]
[EventDate "2001.??.??"]
[Source "www.chesslib.no"]
[SourceDate "2004.05.04"]

1. d4 Nf6 2. c4 c5 3. d5 b5 4. cxb5 a6 5. bxa6 g6 6. Nc3 Bxa6 7. Nf3 d6 8. g3 Nbd7 9. Bg2 Bg7 10. Rb1 Nb6 11. b3 Bc8 12. Nh4 h6 13. Qc2 Qd7 14. O-O g5 15. Nf3 Nfxd5 16. Nxd5 Nxd5 17. Bd2 Bb7 18. a4 Rc8 19. Rbd1 Nf6 20. Ne1 Rb8 21. Bc3 h5 22. e4 Qe6 23. Nd3 h4 24. Rfe1 hxg3 25. fxg3 c4 26. bxc4 Qxc4 27. Rc1 Qa6 28. Nf2 Qa7 29. Qd2 Kf8 30. a5 Qa8 31. e5 Bxg2 32. exf6 exf6 33. a6 Rd8 34. a7 Bb7 35. Bd4 Rg8 36. Rc7 f5 37. Qxg5 Re8 38. Rxf7+ Kxf7 39. Qxf5+ 1-0

[Event "Groningen op"]
[Site "Groningen"]
[Date "1999.12.29"]
[Round "10"]
[White "Kasimdzhanov, Rustam"]
[Black "Van der Weide, Karel"]
[Result "1-0"]
[WhiteElo "2603"]
[BlackElo "2434"]
[PlyCount "93"]
[EventDate "1999.12.19"]
[Source "ChessBase"]
[SourceDate "2000.01.11"]

1. d4 Nf6 2. c4 c5 3. d5 b5 4. cxb5 a6 5. bxa6 g6 6. Nc3 Bxa6 7. Nf3 d6 8. g3 Bg7 9. Bg2 Nbd7 10. Rb1 Nb6 11. b3 Bc8 12. Nh4 h6 13. Qc2 Qd7 14. Bb2 g5 15. Nf3 Qf5 16. e4 Qg6 17. O-O O-O 18. Qd2 Qh5 19. e5 Ng4 20. exd6 exd6 21. Rfe1 Nd7 22. Na4 Bxb2 23. Qxb2 f6 24. Qc2 Nge5 25. Nxe5 Nxe5 26. Nb6 g4 27. Nxa8 Bf5 28. Rxe5 fxe5 29. Be4 Bxe4 30. Qxe4 Rxa8 31. b4 cxb4 32. Qxb4 Qg6 33. Rc1 h5 34. a4 Qh6 35. Ra1 Rc8 36. Qb1 Kh8 37. a5 Rf8 38. a6 Qd2 39. Qa2 Qd4 40. a7 Ra8 41. Qb1 Qxd5 42. Ra6 Rf8 43. Qa1 Ra8 44. Qc1 Qd3 45. Qc6 Qd1+ 46. Kg2 Rf8 47. a8=Q 1-0

[Event "Campionato Americano 2007"]
[Site "Cali COL"]
[Date "2007.07.16"]
[Round "7.3"]
[White "Peralta, Fernando"]
[Black "Leon Hoyos, Manuel"]
[Result "1/2-1/2"]
[WhiteElo "2546"]
[BlackElo "2484"]
[PlyCount "73"]
[EventDate "2007.07.10"]
[Source "www.chesslib.no"]
[SourceDate "2004.05.04"]

1. d4 Nf6 2. c4 c5 3. d5 b5 4. cxb5 a6 5. bxa6 g6 6. Nc3 Bxa6 7. Nf3 d6 8. g3 Bg7 9. Bg2 Nbd7 10. Rb1 Nb6 11. b3 Bc8 12. Nh4 h6 13. Qc2 Qd7 14. Bb2 g5 15. Nf3 Qf5 16. e4 Qg6 17. O-O O-O 18. Qd2 Ng4 19. h3 Ne5 20. Nxe5 Bxe5 21. Na4 Nxa4 22. Bxe5 dxe5 23. bxa4 Rxa4 24. Qc2 Ra5 25. Qc3 Rxa2 26. Qxc5 Qd6 27. Qxd6 exd6 28. Rfc1 Ba6 29. Rb6 Rd8 30. Rcc6 Ra1+ 31. Kh2 Bd3 32. Rxd6 Rxd6 33. Rxd6 Kg7 34. g4 Ra2 35. Kg3 Ra3 36. Kh2 Ra2 37. Kg3 1/2-1/2

[Event "Moskva (GMA)"]
[Site "?"]
[Date "1989.??.??"]
[Round "?"]
[White "Gavrikov, V."]
[Black "Lukov, V."]
[Result "1-0"]
[WhiteElo "2535"]
[BlackElo "2470"]
[PlyCount "143"]
[EventDate "1989.??.??"]
[Source "ChessBase"]
[SourceDate "1989.01.01"]

1. d4 Nf6 2. c4 c5 3. d5 b5 4. cxb5 a6 5. bxa6 Bxa6 6. Nc3 d6 7. Nf3 g6 8. g3 Bg7 9. Bg2 O-O 10. O-O Nbd7 11. Rb1 Qa5 12. Bd2 Rfb8 13. Qc2 Nb6 14. b3 Qa3 15. Bc1 Qa5 16. Rd1 Bb7 17. Bd2 Ne8 18. a4 Nd7 19. e4 Qd8 20. Nb5 Ba6 21. Bf1 Nc7 22. Nxc7 Bxf1 23. Nxa8 Be2 24. Kg2 Bxd1 25. Rxd1 Rxa8 26. Be1 Rb8 27. Nd2 Qb6 28. Rb1 Qa6 29. Nc4 Ne5 30. Na3 Qd3 31. Qxd3 Nxd3 32. Nb5 f5 33. exf5 gxf5 34. Bd2 Kf7 35. Kf3 Ne5+ 36. Ke2 Ng4 37. Rd1 Nf6 38. Be1 Ra8 39. Na3 Rb8 40. Rd3 Ng4 41. h3 Ne5 42. Re3 f4 43. gxf4 Ng6 44. Rf3 Nh4 45. Rd3 Ra8 46. a5 Bh6 47. Bd2 Kf6 48. Nc4 Kf5 49. b4 cxb4 50. Rb3 Bxf4 51. Bxb4 Ng6 52. Nb6 Ra6 53. Rc3 Be5 54. Rc7 Bd4 55. Nc8 Nf4+ 56. Kf3 Bf6 57. Rc6 Ra8 58. Nb6 Ra6 59. Nd7 Ra7 60. Nxf6 exf6 61. Rxd6 Ke5 62. a6 Nxd5 63. Bc5 Ra8 64. a7 Nc7 65. Rd7 Ne6 66. Bb6 f5 67. Rb7 Nd4+ 68. Bxd4+ Kxd4 69. Rxh7 Ke5 70. h4 Rc8 71. Rc7 Rd8 72. Rc5+ 1-0

[Event "JUG-Cup"]
[Site "Herceg Novi"]
[Date "2000.??.??"]
[Round "3"]
[White "Atalik, Suat"]
[Black "Vuckovic, Bojan"]
[Result "0-1"]
[WhiteElo "2575"]
[BlackElo "2427"]
[PlyCount "96"]
[EventDate "2000.??.??"]
[Source "www.chesslib.no"]
[SourceDate "2004.05.04"]

1. d4 Nf6 2. c4 c5 3. d5 b5 4. cxb5 a6 5. bxa6 g6 6. Nc3 Bxa6 7. Nf3 d6 8. g3 Bg7 9. Bg2 Nbd7 10. O-O Nb6 11. Nd2 O-O 12. Qc2 Nfd7 13. b3 Bxe2 14. Re1 Bg4 15. Bb2 Bf5 16. Be4 Bxe4 17. Ndxe4 Ne5 18. Nd2 c4 19. bxc4 Nbxc4 20. Nxc4 Nxc4 21. Rac1 Nxb2 22. Qxb2 Qa5 23. Qd2 Rfc8 24. Ne4 Rxc1 25. Rxc1 Qxd2 26. Nxd2 Rxa2 27. Rc8+ Bf8 28. Nc4 f5 29. Kg2 Kf7 30. Rc7 Ra6 31. Rc6 Ra7 32. Kf3 Bg7 33. Ke3 Rb7 34. Rb6 Rc7 35. Rc6 Rxc6 36. dxc6 Ke8 37. Kd3 Kd8 38. Ne3 e6 39. Kc4 Kc7 40. Kb5 Bd4 41. Ng2 e5 42. f3 Bf2 43. Nh4 d5 44. Ng2 g5 45. h4 h6 46. hxg5 hxg5 47. f4 gxf4 48. gxf4 e4 0-1

[Event "World Open"]
[Site "Philadelphia USA"]
[Date "2008.07.05"]
[Round "7"]
[White "Kunte, A."]
[Black "Bartholomew, J."]
[Result "1-0"]
[WhiteElo "2554"]
[BlackElo "2440"]
[PlyCount "81"]
[EventDate "2008.07.02"]
[Source "www.chesslib.no"]
[SourceDate "2004.05.04"]

1. d4 Nf6 2. c4 c5 3. d5 b5 4. cxb5 a6 5. bxa6 g6 6. Nc3 Bxa6 7. Nf3 d6 8. g3 Bg7 9. Bg2 Nbd7 10. Rb1 Qa5 11. Bd2 O-O 12. O-O Rfb8 13. b3 Qa3 14. Ne1 Ne8 15. Nc2 Qa5 16. Qe1 Nc7 17. a4 Bc8 18. Na3 Qa6 19. Qd1 Nb6 20. Rc1 Bd7 21. Re1 Qb7 22. e4 Na6 23. Bf4 Nc8 24. Ncb5 Nc7 25. Nxc7 Qxc7 26. Qc2 Qb7 27. Rb1 Ra6 28. Nc4 Nb6 29. Nd2 Qa8 30. Bg5 Bf8 31. h4 Rc8 32. Bf1 Ra7 33. h5 e6 34. hxg6 hxg6 35. dxe6 Bxe6 36. Nc4 Nxc4 37. Bxc4 Bxc4 38. Qxc4 Bg7 39. Bf4 Ra6 40. Rbd1 Rd8 41. e5 1-0

[Event "5. Open"]
[Site "?"]
[Date "2004.11.06"]
[Round "5"]
[White "Lalic Bogdan"]
[Black "Milov Leonid"]
[Result "1-0"]
[WhiteElo "2515"]
[BlackElo "2470"]
[PlyCount "74"]
[EventDate "2004.??.??"]
[Source "www.chesslib.no"]
[SourceDate "2004.05.04"]

1. d4 Nf6 2. c4 c5 3. d5 b5 4. cxb5 a6 5. bxa6 g6 6. Nc3 Bxa6 7. Nf3 d6 8. g3 Nbd7 9. Rb1 Bg7 10. Bg2 O-O 11. O-O Qa5 12. Bd2 Bb7 13. Qc2 Qa7 14. e4 Ba6 15. Rfd1 Ng4 16. h3 Nge5 17. Ne1 Nc4 18. Bc1 Bb7 19. Bf1 Ndb6 20. Nb5 Qxa2 21. Bg5 Qa5 22. b3 f6 23. Bc1 Qxb5 24. bxc4 Qa6 25. Qb3 Na4 26. Qxb7 Nc3 27. Qxa6 Rxa6 28. Be3 Nxd1 29. Rxd1 Rfa8 30. Nd3 Ra1 31. Rxa1 Rxa1 32. h4 f5 33. exf5 gxf5 34. Kg2 Bd4 35. Bxd4 cxd4 36. c5 dxc5 37. Nxc5 Ra5 1-0

[Event "It"]
[Site "It Madrid"]
[Date "1973.??.??"]
[Round "13"]
[White "Panno, Oscar R"]
[Black "Bellon Lopez, Juan Manuel"]
[Result "1/2-1/2"]
[WhiteElo "2585"]
[BlackElo "2400"]
[PlyCount "99"]
[EventDate "1973.??.??"]
[Source "www.chesslib.no"]
[SourceDate "2004.05.04"]

1. d4 Nf6 2. c4 c5 3. d5 b5 4. cxb5 a6 5. bxa6 Bxa6 6. Nc3 g6 7. Nf3 d6 8. g3 Bg7 9. Bh3 O-O 10. O-O Nbd7 11. Qc2 Qc7 12. Rd1 Rfb8 13. Rb1 Ne8 14. Bd2 Rb4 15. a3 Rb7 16. b3 Qd8 17. Be1 Nc7 18. a4 Rab8 19. Na2 Nb6 20. e4 Nxa4 21. b4 Bb5 22. Bf1 Bxf1 23. Kxf1 Qd7 24. Kg2 Ra8 25. bxc5 Rxb1 26. Rxb1 Nxc5 27. Nb4 Qa4 28. Nc6 Kf8 29. Ba5 Ne8 30. Rb4 Rc8 31. Bd8 Qa6 32. Bxe7+ Kg8 33. e5 Qd3 34. Qxd3 Nxd3 35. Rb3 Nc5 36. Re3 Bf8 37. Bxf8 Kxf8 38. e6 Nc7 39. Ng5 Nxd5 40. Rf3 f6 41. e7+ Kg8 42. Nh3 Re8 43. Nf4 Nxf4+ 44. gxf4 Kf7 45. Re3 d5 46. Nd8+ Kg8 47. Ne6 Nxe6 48. Rxe6 f5 49. Re5 d4 50. h4 1/2-1/2

[Event "URS Spartakiad"]
[Site "URS"]
[Date "1979.??.??"]
[Round "?"]
[White "Kakageldyev, Amanmurad"]
[Black "Vaganian, Rafael A"]
[Result "1/2-1/2"]
[WhiteElo "2415"]
[BlackElo "2570"]
[PlyCount "82"]
[EventDate "1979.??.??"]
[Source "ChessBase"]

1. d4 Nf6 2. c4 c5 3. d5 b5 4. cxb5 a6 5. bxa6 Bxa6 6. Nc3 g6 7. Nf3 d6 8. g3 Bg7 9. Bg2 O-O 10. O-O Nbd7 11. Qc2 Qa5 12. Rd1 Rfb8 13. Bd2 Ng4 14. b3 Qa3 15. Rab1 Bc8 16. Na4 Ndf6 17. Ne1 Nxf2 18. Kxf2 Ng4+ 19. Kf1 Nxh2+ 20. Kg1 Ng4 21. e3 Bh6 22. Qc1 Rxa4 23. bxa4 Rxb1 24. Qxa3 Rxd1 25. Bf3 Rxd2 26. Bxg4 Bxg4 27. a5 Re2 28. Ng2 Bf3 29. Nf4 Bxf4 30. gxf4 c4 31. a6 Bxd5 32. a7 c3 33. a8=Q+ Bxa8 34. Qxa8+ Kg7 35. Qc6 Rxe3 36. Kf2 Rh3 37. a4 f6 38. Qe4 Kf8 39. Kg2 Rh5 40. Qc2 Rc5 41. a5 Rxa5 1/2-1/2

[Event "Biel"]
[Site "Biel"]
[Date "1994.??.??"]
[Round "2"]
[White "Brunner, Lucas"]
[Black "Landenbergue, Claude"]
[Result "0-1"]
[WhiteElo "2525"]
[BlackElo "2450"]
[PlyCount "78"]
[EventDate "1994.07.??"]
[Source "ChessBase"]

1. d4 Nf6 2. c4 c5 3. d5 b5 4. cxb5 a6 5. bxa6 g6 6. Nc3 Bxa6 7. Nf3 d6 8. g3 Bg7 9. Bg2 O-O 10. O-O Nbd7 11. Qc2 Nb6 12. Rd1 Bb7 13. e4 Ra5 14. Bf4 Qa8 15. b3 Nxe4 16. Nxe4 Nxd5 17. Ned2 Nb4 18. Qc4 e5 19. Bg5 e4 20. Ne1 d5 21. Qe2 Nxa2 22. Nc2 Nc3 23. Qe1 h6 24. Be7 Rc8 25. b4 Ra2 26. Bxc5 Qa4 27. Rxa2 Qxa2 28. Rc1 Qb2 29. Bf1 Na2 30. Rb1 Qxc2 31. Qd1 Qxd1 32. Rxd1 Bc3 33. Nb1 Bxb4 34. Bd4 Rc2 35. Bb5 Bc5 36. Ba4 Rc4 37. Bxc5 Rxc5 38. Kg2 Rc1 39. Rxc1 Nxc1 0-1

[Event "Groningen op"]
[Site "Groningen"]
[Date "1999.12.28"]
[Round "9"]
[White "Levin, Felix"]
[Black "Salmensuu, Olli"]
[Result "0-1"]
[WhiteElo "2531"]
[BlackElo "2443"]
[PlyCount "85"]
[EventDate "1999.12.19"]
[Source "ChessBase"]
[SourceDate "2000.01.11"]

1. d4 Nf6 2. c4 c5 3. d5 b5 4. cxb5 a6 5. bxa6 g6 6. Nc3 Bxa6 7. Nf3 d6 8. g3 Bg7 9. Bg2 Nbd7 10. Rb1 Nb6 11. b3 Bb7 12. Nh4 O-O 13. O-O Ne8 14. Qc2 Ra7 15. Rd1 Qa8 16. a4 Nc7 17. e4 Rb8 18. Bb2 Nd7 19. Nf3 Ba6 20. Na2 Nf6 21. Bxf6 Bxf6 22. b4 Bb5 23. axb5 Rxa2 24. Qc4 Qa4 25. e5 dxe5 26. d6 Ne6 27. d7 Rc2 28. Qd5 Qxb5 29. Bf1 c4 30. Qxb5 Rxb5 31. d8=Q+ Nxd8 32. Rxd8+ Kg7 33. Nd2 e6 34. Rd7 Rd5 35. Rxd5 exd5 36. Nf3 Rc3 37. Nh4 Bd8 38. Ng2 d4 39. b5 Bb6 40. Rb4 d3 41. Ne3 Bxe3 42. fxe3 d2 43. Be2 0-1

[Event "Corr"]
[Site "?"]
[Date "2002.06.01"]
[Round "?"]
[White "Ernazarov Nazar Yazdurdyevich"]
[Black "Peres Joao Luis Martins"]
[Result "1/2-1/2"]
[WhiteElo "2501"]
[BlackElo "2465"]
[PlyCount "35"]
[EventDate "2002.??.??"]
[Source "www.chesslib.no"]
[SourceDate "2004.05.04"]

1. d4 Nf6 2. c4 c5 3. d5 b5 4. cxb5 a6 5. bxa6 g6 6. Nc3 Bxa6 7. Nf3 d6 8. g3 Bg7 9. Bg2 Nbd7 10. O-O Nb6 11. Re1 O-O 12. e4 Nc4 13. Nd2 Ne5 14. Bf1 Nd3 15. Re3 Nxc1 16. Bxa6 Rxa6 17. Rxc1 Nd7 18. Nc4 1/2-1/2

[Event "Australian Open"]
[Site "Tuggeranong AUS"]
[Date "2007.01.04"]
[Round "7"]
[White "Antic, De"]
[Black "Rogers, I."]
[Result "1-0"]
[WhiteElo "2437"]
[BlackElo "2526"]
[PlyCount "89"]
[EventDate "2006.12.28"]
[Source "www.chesslib.no"]
[SourceDate "2004.05.04"]

1. d4 Nf6 2. c4 c5 3. d5 b5 4. cxb5 a6 5. bxa6 g6 6. Nc3 Bxa6 7. g3 d6 8. Nf3 Bg7 9. Bg2 Nbd7 10. O-O Nb6 11. Re1 O-O 12. e4 Nfd7 13. Bf1 Nc4 14. Bxc4 Bxc4 15. Bf4 Bxc3 16. bxc3 f6 17. Nd2 Ba6 18. Bh6 Rf7 19. f4 Nb6 20. a4 Nd7 21. a5 c4 22. Nf3 Nc5 23. Nd4 Qd7 24. f5 Nd3 25. Rf1 gxf5 26. Nxf5 Kh8 27. Qh5 Ne5 28. Rfb1 Bc8 29. a6 Qc7 30. Be3 Rxa6 31. Rxa6 Bxa6 32. Ra1 Bb7 33. Bf4 Rf8 34. Ra7 Ng6 35. Qd1 Rb8 36. Qa4 Kg8 37. h4 Kf7 38. Kh2 h5 39. Qd1 Rh8 40. Qf3 Qb8 41. Nxe7 Ne5 42. Bxe5 Qxa7 43. Qxf6+ Ke8 44. Qxh8+ Kd7 45. Qxh5 1-0

[Event "Leuven Open 14th"]
[Site "?"]
[Date "2002.11.10"]
[Round "5"]
[White "Epishin Vladimir"]
[Black "Knoppert Erik G J"]
[Result "1-0"]
[WhiteElo "2628"]
[BlackElo "2322"]
[PlyCount "94"]
[EventDate "2002.??.??"]
[Source "www.chesslib.no"]
[SourceDate "2004.05.04"]

1. d4 Nf6 2. c4 c5 3. d5 b5 4. cxb5 a6 5. bxa6 Bxa6 6. Nc3 d6 7. Nf3 g6 8. g3 Bg7 9. Bg2 O-O 10. Rb1 Qa5 11. Bd2 Nbd7 12. b3 Rfb8 13. O-O Ne8 14. Qc2 Nc7 15. a4 Qb6 16. Rfd1 Ra7 17. Be1 Rab7 18. Bf1 Qa7 19. Na2 Nb6 20. b4 Nc4 21. Rb3 Na5 22. Rbb1 Nc4 23. Qc1 Nb2 24. Rxb2 Bxb2 25. Qxb2 Bc4 26. Qc2 Bxa2 27. Qxa2 cxb4 28. Ra1 b3 29. Qb2 Nxd5 30. e4 Nc7 31. Nd4 Qc5 32. Rc1 Qe5 33. Bc3 Qxe4 34. Bg2 Qd3 35. Nc6 Ne6 36. Nxb8 Rxb8 37. a5 Nc5 38. Ra1 Qb5 39. a6 Na4 40. a7 Rc8 41. Bf1 Qc6 42. Qxb3 Nxc3 43. Qb8 Qa8 44. Qxc8+ Qxc8 45. a8=R Qxa8 46. Rxa8+ Kg7 47. f4 h6 1-0

[Event "snr"]
[Site "Bad Liebenzell snr"]
[Date "1995.??.??"]
[Round "7"]
[White "Katalymov, Boris N"]
[Black "Vasiukov, Evgeni A"]
[Result "1/2-1/2"]
[WhiteElo "2455"]
[BlackElo "2490"]
[PlyCount "108"]
[EventDate "1995.??.??"]
[Source "www.chesslib.no"]
[SourceDate "2004.05.04"]

1. d4 Nf6 2. c4 c5 3. d5 b5 4. cxb5 a6 5. bxa6 Bxa6 6. Nc3 d6 7. g3 g6 8. Nf3 Bg7 9. Bh3 Nbd7 10. O-O Nb6 11. Re1 O-O 12. e4 Nfd7 13. Bf4 Nc4 14. Qc1 Nde5 15. Nxe5 Nxe5 16. Bxe5 Bxe5 17. a4 Rb8 18. a5 Rb4 19. Bf1 Qa8 20. Ra2 Rfb8 21. Qc2 Bd4 22. Bxa6 Qxa6 23. Kg2 e6 24. Qe2 Qxe2 25. Rxe2 Ra8 26. Ra3 Ra6 27. f4 e5 28. Kf3 exf4 29. gxf4 f6 30. Rc2 Kf7 31. Rd2 g5 32. f5 h5 33. h3 Ke7 34. Rc2 Kd7 35. Ke2 Be5 36. Kf3 Kc7 37. Re2 Ra8 38. Rc2 Rab8 39. Ra2 Kb7 40. Na4 Rb3+ 41. Nc3 Ka6 42. Kg2 R8b4 43. Rd2 Rc4 44. Rf2 Rd4 45. Rf3 Rbb4 46. Rf1 Rd2+ 47. Rf2 Rdd4 48. Rf1 Rb3 49. Rf2 h4 50. Rf3 c4 51. Rf2 Rd3 52. Rf3 Rd4 53. Rf2 Rb4 54. Ra3 Rd3 1/2-1/2

[Event "URS Ch sf"]
[Site "Ivano Frankovsk"]
[Date "1982.??.??"]
[Round "?"]
[White "Ehlvest, Jaan"]
[Black "Vasiukov, Evgeni A"]
[Result "1/2-1/2"]
[WhiteElo "2450"]
[BlackElo "2495"]
[PlyCount "61"]
[EventDate "1982.??.??"]
[Source "www.chesslib.no"]
[SourceDate "2004.05.04"]

1. d4 Nf6 2. c4 c5 3. d5 b5 4. cxb5 a6 5. bxa6 Bxa6 6. Nc3 d6 7. Nf3 g6 8. g3 Bg7 9. Bg2 Nbd7 10. O-O Nb6 11. Bf4 h6 12. h4 Qd7 13. Re1 Ng4 14. Qc2 Qf5 15. Qb3 Rb8 16. Qa3 Qc8 17. Bh3 f5 18. e4 O-O 19. exf5 Nc4 20. Qa4 Nxb2 21. Qa3 Ne5 22. Nxe5 dxe5 23. f6 Qxh3 24. fxg7 Rxf4 25. Qxa6 Rf3 26. Qxg6 Nd3 27. Re2 Nxf2 28. Qe6+ Qxe6 29. dxe6 Rxc3 30. Kxf2 Kxg7 31. Rxe5 1/2-1/2

[Event "Open"]
[Site "Vladimir"]
[Date "2004.08.20"]
[Round "3"]
[White "Zakharevich, Igor"]
[Black "Arakelov, Ilya"]
[Result "1/2-1/2"]
[WhiteElo "2532"]
[BlackElo "2404"]
[PlyCount "65"]
[EventDate "2004.08.18"]
[Source "Roberto Alvarez"]
[SourceDate "2004.09.21"]

1. d4 Nf6 2. c4 c5 3. d5 b5 4. cxb5 a6 5. bxa6 Bxa6 6. Nc3 d6 7. Nf3 g6 8. g3 Bg7 9. Bg2 Nbd7 10. Rb1 Qb6 11. O-O O-O 12. b3 Ne8 13. Bb2 Nc7 14. Bh3 Bc8 15. e4 Ne5 16. Bxc8 Nxf3+ 17. Qxf3 Rfxc8 18. Na4 Qa5 19. Bxg7 Kxg7 20. Nc3 Nb5 21. Nxb5 Qxb5 22. a4 Qa5 23. Rbc1 Rcb8 24. e5 Qb4 25. e6 f6 26. Rc3 Qa3 27. Rd1 Rb4 28. Rdd3 Rab8 29. Kg2 Qb2 30. Qd1 Qa2 31. Rc2 Qa3 32. Rcc3 Qa2 33. Rc2 1/2-1/2